Shadow of the Almighty : the life & testament of Jim Elliot /

Đã lưu trong:
Chi tiết về thư mục
Tác giả chính: Elliot, Elisabeth
Định dạng: Sách
Ngôn ngữ:Tiếng Anh
Được phát hành: San Francisco : Harper & Row, 1958.
Những chủ đề:
Các nhãn: Thêm thẻ
Không có thẻ, Là người đầu tiên thẻ bản ghi này!

MARC

LEADER 00000nam a22000007a 4500
003 KE-NaDUL
005 20230322154050.0
008 230322b |||||||| |||| 00| 0 eng d
020 |a 006062213X 
040 |a DUL  |c DUL  |d Dwaswala 
050 0 0 |a BV2852.E45 1958 
100 1 |a Elliot, Elisabeth.  |9 121148 
245 1 0 |a Shadow of the Almighty :  |b the life & testament of Jim Elliot /  |c by Elisabeth Elliot. 
260 |a San Francisco :  |b Harper & Row,  |c 1958. 
300 |a 256 p., [16] p. of plates :  |b ill. ;  |c 21 cm. 
650 0 |a Missionaries  |z Ecuador  |x Biography.  |9 121151 
650 0 |a Missionaries  |z United States  |x Biography.  |9 121153 
942 |2 lcc  |c REF  |h BV2852  |i .E45  |m 1958  |6 BV2852 E45 
952 |0 0  |1 0  |2 lcc  |4 0  |6 BV2852 E45 01958  |7 1  |8 REF  |9 134454  |a CUI  |b CUI  |c CUI  |d 2023-03-22  |l 0  |o BV2852.E45 1958  |p CUI03553  |r 2023-03-22 00:00:00  |w 2023-03-22  |x 03553  |y REF 
999 |c 218949  |d 218948